[Event "NOR-ch Rapid"]
[Site "Drammen"]
[Date "2023.01.08"]
[Round "8"]
[White "Botheim, Tor"]
[Black "Haldorsen, Benjamin"]
[Result "0-1"]
[WhiteElo "2021"]
[BlackElo "2449"]
[PlyCount "76"]
[EventDate "2023.01.07"]
[EventType "swiss (rapid)"]
[EventRounds "10"]
[EventCountry "NOR"]
[SourceTitle "CBM 212 Extra"]
[Source "ChessBase"]
[SourceDate "2023.03.31"]
[SourceVersion "1"]
[SourceVersionDate "2023.03.31"]
[SourceQuality "1"]

1. e4 g6 2. d4 d6 3. Nc3 a6 4. a4 Bg7 5. Be3 Nc6 6. Bc4 e5 7. Nge2 Nf6 8. h3 0-0 9. 0-0 exd4 10. Nxd4 Re8 11. Nxc6 bxc6 12. Qf3 Rb8 13. Bb3 Be6 14. e5 dxe5 15. Qxc6 Qd6 16. Qxd6 cxd6 17. Rfd1 Red8 18. Bg5 h6 19. Bxf6 Bxf6 20. Nd5 Kg7 21. a5 e4 22. Ra4 Bxb2 23. Rxe4 Rdc8 24. Nf4 Bxb3 25. cxb3 Be5 26. Nd3 Bc3 27. b4 Bf6 28. Nf4 Be5 29. Nd5 Rc2 30. f4 Bb2 31. Nb6 Rd8 32. Re7 d5 33. Rxd5 Bd4+ 34. Kh2 Bxb6 35. axb6 Rxd5 36. Rc7 Rb2 37. Rc5 Rxc5 38. bxc5 Rb5 0-1

[Event "Trondheim Pokal TSF"]
[Site "Trondheim"]
[Date "2020.09.24"]
[Round "3"]
[White "Hanssen, Johnny"]
[Black "Botheim, Tor"]
[Result "0-1"]
[WhiteElo "1779"]
[BlackElo "1991"]
[PlyCount "50"]
[EventDate "2020.09.07"]
[EventType "swiss"]
[EventRounds "9"]
[EventCountry "NOR"]
[SourceTitle "EXT 2024"]
[Source "ChessBase"]
[SourceDate "2023.10.10"]
[SourceVersion "1"]
[SourceVersionDate "2023.10.10"]
[SourceQuality "1"]

1. e4 e5 2. Nf3 Nc6 3. Bb5 a6 4. Bxc6 dxc6 5. 0-0 Bd6 6. d4 exd4 7. Qxd4 f6 8. Nbd2 Be6 9. Nc4 Bxh2+ 10. Kxh2 Qxd4 11. Nxd4 Bxc4 12. Re1 0-0-0 13. Be3 Ne7 14. a4 Rhe8 15. f3 c5 16. Ne2 b6 17. b3 Bf7 18. a5 Kb7 19. b4 cxb4 20. axb6 cxb6 21. Reb1 Nc6 22. c3 Rd3 23. Bg1 b3 24. Nd4 Rxc3 25. Nf5 Rd8 0-1

[Event "Trondheim Pokal TSF"]
[Site "Trondheim"]
[Date "2020.09.14"]
[Round "2"]
[White "Botheim, Tor"]
[Black "Overas, Alf"]
[Result "1-0"]
[WhiteElo "1991"]
[BlackElo "1723"]
[PlyCount "35"]
[EventDate "2020.09.07"]
[EventType "swiss"]
[EventRounds "9"]
[EventCountry "NOR"]
[SourceTitle "EXT 2024"]
[Source "ChessBase"]
[SourceDate "2023.10.10"]
[SourceVersion "1"]
[SourceVersionDate "2023.10.10"]
[SourceQuality "1"]

1. e4 e5 2. Nf3 Nc6 3. Bb5 a6 4. Ba4 f5 5. d4 fxe4 6. Nxe5 Nxe5 7. dxe5 Qe7 8. Qd5 c6 9. Qxe4 b5 10. Bb3 d5 11. Qe2 Bf5 12. 0-0 Qe6 13. Nd2 Nf6 14. Re1 Nd7 15. Nf3 h6 16. Nd4 Qg6 17. Nxf5 Qxf5 18. e6 1-0

[Event "NOR-chT 1213"]
[Site "Norway"]
[Date "2013.04.07"]
[Round "9"]
[White "David, Edwin"]
[Black "Botheim, Tor"]
[Result "1/2-1/2"]
[WhiteElo "2247"]
[BlackElo "2011"]
[PlyCount "72"]
[EventDate "2012.11.02"]
[EventType "team-tourn"]
[EventRounds "9"]
[EventCountry "NOR"]
[SourceTitle "EXT 2014"]
[Source "ChessBase"]
[SourceDate "2013.11.20"]
[SourceVersion "1"]
[SourceVersionDate "2013.11.20"]
[SourceQuality "1"]
[WhiteTeam "Kristiansund"]
[BlackTeam "Oslo SK 1911"]
[WhiteTeamCountry "NOR"]
[BlackTeamCountry "NOR"]

1. e4 e5 2. Nf3 Nc6 3. Bc4 Bc5 4. c3 Nf6 5. d3 d6 6. h3 0-0 7. Bb3 Be6 8. Bc2 d5 9. Nbd2 dxe4 10. dxe4 Nd7 11. Qe2 f6 12. Nf1 Ne7 13. Ne3 Ng6 14. g3 c6 15. h4 b5 16. h5 Ne7 17. Nh4 Nb6 18. Nef5 Nxf5 19. Nxf5 Rf7 20. Bd2 Nc4 21. Bb3 Rd7 22. 0-0-0 Kh8 23. Be3 Nxe3 24. Nxe3 Bxb3 25. axb3 a5 26. Rxd7 Qxd7 27. Rd1 Qf7 28. Nf5 Qxb3 29. Qg4 Bf8 30. Rd7 a4 31. Rxg7 a3 32. Rxh7+ Kxh7 33. Qg6+ Kh8 34. Qxf6+ Kh7 35. Qg6+ Kh8 36. Qf6+ Kh7 1/2-1/2

[Event "NOR-chT 1213"]
[Site "Norway"]
[Date "2012.11.03"]
[Round "2"]
[White "Solberg, Joachim Krokvik"]
[Black "Botheim, Tor"]
[Result "1-0"]
[WhiteElo "2209"]
[BlackElo "2011"]
[PlyCount "89"]
[EventDate "2012.11.02"]
[EventType "team-tourn"]
[EventRounds "9"]
[EventCountry "NOR"]
[SourceTitle "EXT 2013"]
[Source "ChessBase"]
[SourceDate "2012.11.22"]
[SourceVersion "1"]
[SourceVersionDate "2012.11.22"]
[SourceQuality "1"]
[WhiteTeam "Moss"]
[BlackTeam "Oslo SK 1911"]
[WhiteTeamCountry "NOR"]
[BlackTeamCountry "NOR"]

1. c4 Nf6 2. g3 g6 3. Bg2 Bg7 4. Nc3 0-0 5. e4 d6 6. Nge2 e5 7. 0-0 Nc6 8. Rb1 a5 9. a3 Bg4 10. h3 Be6 11. d3 Nd7 12. b4 axb4 13. axb4 f5 14. b5 Nd4 15. exf5 Bxf5 16. Nxd4 exd4 17. Ne4 Kh8 18. Bg5 Qe8 19. Re1 Qc8 20. b6 Nxb6 21. Nxd6 cxd6 22. Rxb6 Bxh3 23. Rxd6 Bxg2 24. Kxg2 Ra2 25. Rf1 Qf5 26. Bf4 Ra3 27. Qe2 Qxd3 28. Qxd3 Rxd3 29. Rb1 Rf7 30. Rd8+ Bf8 31. Bh6 Rdf3 32. Rb2 Kg8 33. c5 R3f5 34. g4 R5f6 35. f4 Rc7 36. Re2 d3 37. Ree8 Rcf7 38. Kf3 g5 39. Bxg5 Rc6 40. Be7 d2 41. Rxf8+ Rxf8 42. Rxf8+ Kg7 43. Rd8 Kf7 44. Bh4 Rxc5 45. Rxd2 1-0

[Event "Oslo op ELO"]
[Site "Oslo"]
[Date "2011.10.02"]
[Round "9"]
[White "Botheim, Tor"]
[Black "Torgersen, Terje"]
[Result "1-0"]
[WhiteElo "2400"]
[BlackElo "2400"]
[PlyCount "51"]
[EventDate "2011.10.02"]
[EventType "swiss"]
[EventRounds "9"]
[EventCountry "NOR"]
[SourceTitle "EXT 2023"]
[Source "ChessBase"]
[SourceDate "2022.10.05"]
[SourceVersion "1"]
[SourceVersionDate "2022.10.05"]
[SourceQuality "1"]

1. e4 d6 2. d4 Nf6 3. Nc3 g6 4. Be3 Ng4 5. Bg5 h6 6. Bf4 Bg7 7. f3 Nf6 8. Qd2 Nh5 9. Be3 e5 10. dxe5 Bxe5 11. 0-0-0 g5 12. g3 Bg7 13. Be2 Nc6 14. f4 g4 15. Bb5 Bd7 16. Nge2 a6 17. Ba4 Nf6 18. Nd4 b5 19. Nxc6 Bxc6 20. Bb3 Nxe4 21. Nxe4 Bxe4 22. Bd4 0-0 23. Bxg7 Bxh1 24. Bxf8 Bf3 25. Bxh6 Bxd1 26. Qd4 1-0

[Event "NOR-chT 1011"]
[Site "Oslo"]
[Date "2011.01.22"]
[Round "5"]
[White "Stubberud, Ornulf A"]
[Black "Botheim, Tor"]
[Result "1-0"]
[WhiteElo "2299"]
[BlackElo "1949"]
[PlyCount "82"]
[EventDate "2010.11.05"]
[EventType "team-tourn"]
[EventRounds "9"]
[EventCountry "NOR"]
[SourceTitle "EXT 2012"]
[Source "ChessBase"]
[SourceDate "2011.11.24"]
[SourceVersion "1"]
[SourceVersionDate "2011.11.24"]
[SourceQuality "1"]
[WhiteTeam "OSS"]
[BlackTeam "Oslo SK 1911"]
[WhiteTeamCountry "NOR"]
[BlackTeamCountry "NOR"]

1. e4 c5 2. Nf3 d6 3. d4 cxd4 4. Nxd4 Nf6 5. Nc3 g6 6. Be3 Bg7 7. f3 0-0 8. Qd2 Nc6 9. Bc4 Bd7 10. 0-0-0 Rb8 11. Bb3 Na5 12. Kb1 b5 13. Qe2 a6 14. Qd3 Qc7 15. h4 h5 16. Bg5 Nc4 17. Nd5 Nxd5 18. exd5 Ne5 19. Qd2 a5 20. a3 b4 21. a4 Nc4 22. Qd3 Rfc8 23. Bxc4 Qxc4 24. Nc6 Qxd3 25. Nxe7+ Kf8 26. Rxd3 Rc5 27. Nc6 Bxc6 28. dxc6 Rxc6 29. Rhd1 Rbb6 30. Rd5 Ra6 31. Bd8 Be5 32. Bxa5 Rc4 33. Rb5 Rxh4 34. Bxb4 Rh2 35. Rxe5 Rh4 36. Rb5 Rxa4 37. Re5 Raxb4 38. Rb5 Ra4 39. Re5 Rab4 40. Rxd6 Rh2 41. Rd2 Rb6 1-0

[Event "NOR-chT Clubs"]
[Site "Drammen"]
[Date "2010.10.10"]
[Round "5"]
[White "Botheim, Tor"]
[Black "Hamre, Kenneth"]
[Result "0-1"]
[WhiteElo "1931"]
[BlackElo "1810"]
[PlyCount "94"]
[EventDate "2010.10.08"]
[EventType "team"]
[EventRounds "6"]
[EventCountry "NOR"]
[SourceTitle "EXT 2015"]
[Source "ChessBase"]
[SourceDate "2014.11.20"]
[SourceVersion "1"]
[SourceVersionDate "2014.11.20"]
[SourceQuality "1"]
[WhiteTeam "Oslo SK 1911 II"]
[BlackTeam "Sarpsborg"]
[WhiteTeamCountry "NOR"]
[BlackTeamCountry "NOR"]

1. e4 c5 2. Nf3 d6 3. d4 cxd4 4. Nxd4 Nf6 5. Nc3 g6 6. Be3 Bg7 7. f3 a6 8. Qd2 Nbd7 9. 0-0-0 Qc7 10. g4 Nb6 11. h4 h5 12. g5 Nfd7 13. f4 Nc5 14. Be2 Bd7 15. Rhf1 Rc8 16. f5 0-0 17. f6 Bh8 18. Nb3 Nca4 19. Nxa4 Nxa4 20. Kb1 Rfe8 21. Rf4 b5 22. Bd3 Be6 23. Rf2 Nb6 24. Bxb6 Qxb6 25. Rdf1 Bc4 26. c3 a5 27. Nc1 b4 28. cxb4 axb4 29. Bxc4 Rxc4 30. Qd5 Qc5 31. Qxc5 dxc5 32. Nd3 exf6 33. e5 f5 34. Re1 Rxh4 35. Nxc5 Rxe5 36. Rxe5 Bxe5 37. Nd7 Bd4 38. Rd2 Rf4 39. a4 bxa3 40. bxa3 h4 41. a4 h3 42. a5 Rf1+ 43. Kc2 Rf2 44. Nf6+ Kg7 45. a6 Rxd2+ 46. Kxd2 h2 47. a7 Bxa7 0-1

[Event "NOR-chT Clubs"]
[Site "Drammen"]
[Date "2010.10.09"]
[Round "3.29"]
[White "Botheim, Tor"]
[Black "Stray, Gunnar"]
[Result "1/2-1/2"]
[WhiteElo "1931"]
[BlackElo "1974"]
[PlyCount "36"]
[EventDate "2010.10.08"]
[EventType "team"]
[EventRounds "6"]
[EventCountry "NOR"]
[SourceTitle "EXT 2015"]
[Source "ChessBase"]
[SourceDate "2014.11.20"]
[SourceVersion "1"]
[SourceVersionDate "2014.11.20"]
[SourceQuality "1"]
[WhiteTeam "Oslo SK 1911 II"]
[BlackTeam "Moss II"]
[WhiteTeamCountry "NOR"]
[BlackTeamCountry "NOR"]

1. e4 c5 2. Nf3 e6 3. d4 cxd4 4. Nxd4 a6 5. Nc3 Qc7 6. Be2 Nf6 7. 0-0 Nc6 8. Be3 Bb4 9. Bd3 Ne5 10. Nce2 Nfg4 11. Bf4 Bd6 12. Bg3 h5 13. h3 h4 14. Bxe5 Nxe5 15. f4 Nxd3 16. Qxd3 Bc5 17. Kh1 b6 18. Rad1 Bb7 1/2-1/2

[Event "NOR-chT Clubs"]
[Site "Drammen"]
[Date "2010.10.08"]
[Round "1.5"]
[White "Botheim, Tor"]
[Black "Persen, Ole Morten"]
[Result "1-0"]
[WhiteElo "1931"]
[BlackElo "1590"]
[PlyCount "101"]
[EventDate "2010.10.08"]
[EventType "team"]
[EventRounds "6"]
[EventCountry "NOR"]
[SourceTitle "EXT 2015"]
[Source "ChessBase"]
[SourceDate "2014.11.20"]
[SourceVersion "1"]
[SourceVersionDate "2014.11.20"]
[SourceQuality "1"]
[WhiteTeam "Oslo SK 1911 II"]
[BlackTeam "Modum"]
[WhiteTeamCountry "NOR"]
[BlackTeamCountry "NOR"]

1. e4 c5 2. Nf3 Nc6 3. d4 cxd4 4. Nxd4 Nf6 5. Nc3 e5 6. Ndb5 d6 7. Bg5 a6 8. Na3 b5 9. Bxf6 gxf6 10. Nd5 Bg7 11. Bd3 0-0 12. c3 Ne7 13. Qh5 f5 14. Nxe7+ Qxe7 15. 0-0 d5 16. exf5 e4 17. Be2 b4 18. cxb4 Bxb2 19. Rab1 Qf6 20. Nc2 Bxf5 21. Ne3 Bg6 22. Nxd5 Qe6 23. Qh4 Qxd5 24. Rxb2 Rfd8 25. Qg3 Kh8 26. Qc3+ Kg8 27. Qe3 Rd6 28. h3 Bf5 29. Rd1 Qe5 30. Rxd6 Qxd6 31. Qd2 Qg6 32. Rb3 Qf6 33. Rg3+ Kf8 34. Qc3 Qxc3 35. Rxc3 Rb8 36. a3 Rc8 37. Rxc8+ Bxc8 38. Kf1 Ke7 39. Bc4 f5 40. g3 Kf6 41. Ke2 Ke5 42. Ke3 Bb7 43. h4 h6 44. a4 Bc8 45. a5 Bb7 46. b5 axb5 47. Bxb5 Bd5 48. a6 Ke6 49. Kf4 Ba8 50. Bc4+ Kf6 51. Bf1 1-0

[Event "Arctic Chess Challenge"]
[Site "Tromsoe"]
[Date "2010.08.07"]
[Round "8"]
[White "Botheim, Tor"]
[Black "Forsaa, Elise"]
[Result "1-0"]
[WhiteElo "1929"]
[BlackElo "1693"]
[PlyCount "75"]
[EventDate "2010.07.31"]
[EventType "swiss"]
[EventRounds "9"]
[EventCountry "NOR"]
[SourceTitle "CBM 137 Extra"]
[Source "ChessBase"]
[SourceDate "2010.09.01"]
[SourceVersion "1"]
[SourceVersionDate "2010.09.01"]
[SourceQuality "1"]

1. e4 c5 2. Nf3 e6 3. d4 cxd4 4. Nxd4 a6 5. Nc3 d6 6. Be2 Nf6 7. 0-0 Be7 8. Be3 Qc7 9. a4 Nbd7 10. f4 b6 11. Bf3 Bb7 12. Nb3 0-0 13. g4 Nc5 14. Nxc5 bxc5 15. g5 Nd7 16. Bg2 Rfe8 17. Qg4 Bf8 18. Rad1 Rad8 19. Qh4 Be7 20. Rf3 Nf8 21. Rh3 Bc8 22. Rf1 d5 23. exd5 exd5 24. Nxd5 Rxd5 25. Bxd5 Bxh3 26. Qxh3 Bd6 27. Kh1 Nd7 28. a5 c4 29. f5 Re5 30. Bg2 Nf8 31. Bb6 Qd7 32. Bd4 Re2 33. Qf3 Re8 34. Qc3 g6 35. Bh8 f6 36. Bxf6 Qb5 37. Qd4 Be5 38. Qd5+ 1-0

[Event "Arctic Chess Challenge"]
[Site "Tromsoe"]
[Date "2010.08.03"]
[Round "4"]
[White "Botheim, Tor"]
[Black "Steil Antoni, Fiona"]
[Result "1-0"]
[WhiteElo "1929"]
[BlackElo "2193"]
[PlyCount "49"]
[EventDate "2010.07.31"]
[EventType "swiss"]
[EventRounds "9"]
[EventCountry "NOR"]
[SourceTitle "CBM 137 Extra"]
[Source "ChessBase"]
[SourceDate "2010.09.01"]
[SourceVersion "1"]
[SourceVersionDate "2010.09.01"]
[SourceQuality "1"]

1. d4 d6 2. e4 Nf6 3. Bd3 e5 4. c3 d5 5. dxe5 Nxe4 6. Bxe4 dxe4 7. Qxd8+ Kxd8 8. Bf4 Nd7 9. Ne2 Nc5 10. 0-0 Nd3 11. b3 h6 12. h3 g5 13. Bh2 Bg7 14. Ng3 Nxe5 15. Nh5 f6 16. Nxg7 h5 17. Bxe5 fxe5 18. Re1 Ke7 19. Nd2 g4 20. Rxe4 Kf6 21. Nxh5+ Rxh5 22. hxg4 Rh7 23. f3 Bd7 24. Rae1 Re8 25. Nc4 1-0

[Event "NOR-chT 0910"]
[Site "Norway"]
[Date "2010.04.11"]
[Round "9"]
[White "Martinsen, Stig K"]
[Black "Botheim, Tor"]
[Result "1-0"]
[WhiteElo "2240"]
[BlackElo "1944"]
[PlyCount "87"]
[EventDate "2009.11.06"]
[EventType "team"]
[EventRounds "9"]
[EventCountry "NOR"]
[SourceTitle "EXT 2011"]
[Source "ChessBase"]
[SourceDate "2010.11.26"]
[SourceVersion "1"]
[SourceVersionDate "2010.11.26"]
[SourceQuality "1"]
[WhiteTeam "Bergen"]
[BlackTeam "Oslo SK 1911"]
[WhiteTeamCountry "NOR"]
[BlackTeamCountry "NOR"]

1. d4 Nf6 2. c4 g6 3. Nc3 Bg7 4. e4 d6 5. Be2 0-0 6. Bg5 Nbd7 7. Qd2 e5 8. d5 c6 9. h4 cxd5 10. cxd5 Nc5 11. f3 Bd7 12. Bd1 Qb6 13. Nge2 Nh5 14. g4 Nf4 15. Nxf4 exf4 16. Bxf4 f5 17. exf5 Rae8+ 18. Kf1 gxf5 19. g5 Qa6+ 20. Kg2 Nd3 21. Bh2 f4 22. Ne4 Re5 23. a4 Bf5 24. Ra3 Nc5 25. Nxc5 dxc5 26. Bxf4 Ree8 27. d6 Bd7 28. Bg3 Bd4 29. a5 Qc6 30. a6 bxa6 31. Qa5 Kh8 32. Qxa6 Qxa6 33. Rxa6 Rf5 34. Rxa7 Bc6 35. d7 Rd8 36. Rc7 Bxd7 37. Bc2 Rf7 38. Be4 Be8 39. Rxf7 Bxf7 40. Rc1 Rc8 41. b4 c4 42. b5 Be8 43. Rd1 Bb6 44. Rc1 1-0

[Event "Reykjavik op"]
[Site "Reykjavik"]
[Date "2010.02.24"]
[Round "1"]
[White "Botheim, Tor"]
[Black "Sachdev, Tania"]
[Result "0-1"]
[WhiteElo "1944"]
[BlackElo "2398"]
[PlyCount "60"]
[EventDate "2010.02.24"]
[EventType "swiss"]
[EventRounds "9"]
[EventCountry "ISL"]
[SourceTitle "CBM 135 Extra"]
[Source "ChessBase"]
[SourceDate "2010.05.04"]
[SourceVersion "1"]
[SourceVersionDate "2010.05.04"]
[SourceQuality "1"]

1. e4 c5 2. Nf3 e6 3. d4 cxd4 4. Nxd4 a6 5. Bd3 Nf6 6. 0-0 Qc7 7. Qe2 d6 8. Nc3 Nbd7 9. Nb3 Be7 10. f4 b5 11. a3 Bb7 12. Be3 0-0 13. g4 Nc5 14. Nxc5 dxc5 15. Qg2 Rfd8 16. g5 Nd7 17. f5 c4 18. Be2 Bc5 19. Qf2 exf5 20. Bxc5 Nxc5 21. Qxf5 Rd2 22. Rad1 Nxe4 23. Rxd2 Nxd2 24. Rf2 Re8 25. Nd5 Bxd5 26. Qxd5 Ne4 27. Rf1 Nxg5 28. Bh5 h6 29. h4 Qg3+ 30. Qg2 Qxh4 0-1

[Event "Politiken Cup 31st"]
[Site "Helsingor"]
[Date "2009.07.22"]
[Round "6"]
[White "Botheim, Tor"]
[Black "Joensson, Lennart"]
[Result "1-0"]
[WhiteElo "1939"]
[BlackElo "2082"]
[PlyCount "75"]
[EventDate "2009.07.18"]
[EventType "swiss"]
[EventRounds "10"]
[EventCountry "DEN"]
[SourceTitle "CBM 131 Extra"]
[Source "ChessBase"]
[SourceDate "2009.09.03"]
[SourceVersion "2"]
[SourceVersionDate "2009.09.16"]
[SourceQuality "1"]

1. e4 c5 2. Nf3 g6 3. h4 h5 4. d4 Bg7 5. dxc5 Qa5+ 6. c3 Qxc5 7. Na3 Qa5 8. Bc4 Nf6 9. Nb5 0-0 10. b4 Qd8 11. Bf4 d6 12. e5 Ng4 13. exd6 a6 14. Nc7 Bxc3+ 15. Bd2 Bxa1 16. Qxa1 Qxd6 17. Nxa8 b5 18. Bb3 Bb7 19. Qd4 Qxd4 20. Nxd4 Bxa8 21. 0-0 Rd8 22. Bc3 e5 23. Nf3 Bxf3 24. gxf3 Rd3 25. Ba1 Rxf3 26. Kg2 Rd3 27. Rc1 Nd7 28. Rc8+ Kg7 29. f4 Kf6 30. fxe5+ Ngxe5 31. Rc6+ Ke7 32. Rxa6 f5 33. Bxe5 Nxe5 34. Re6+ Kd7 35. Rxe5 Rd4 36. Rd5+ Rxd5 37. Bxd5 Kd6 38. Bf7 1-0

[Event "Knut Bockman Cup"]
[Site "Oslo"]
[Date "2009.04.09"]
[Round "5"]
[White "Botheim, Tor"]
[Black "Taube, Gregor"]
[Result "0-1"]
[WhiteElo "1985"]
[BlackElo "1762"]
[PlyCount "104"]
[EventDate "2009.04.06"]
[EventType "swiss"]
[EventRounds "9"]
[EventCountry "NOR"]
[SourceTitle "CBM 129 Extra"]
[Source "ChessBase"]
[SourceDate "2009.05.05"]
[SourceVersion "2"]
[SourceVersionDate "2009.05.20"]
[SourceQuality "1"]

1. e4 e6 2. d4 d5 3. e5 c5 4. c3 Nc6 5. Nf3 Qb6 6. Bd3 cxd4 7. cxd4 Bd7 8. 0-0 Rc8 9. Nbd2 Nxd4 10. Nxd4 Qxd4 11. Nf3 Qb6 12. Be3 Bc5 13. Bxc5 Rxc5 14. b4 Rc7 15. Re1 Bb5 16. Bxb5+ Qxb5 17. Nd4 Qd7 18. Qd3 a6 19. b5 Qc8 20. bxa6 bxa6 21. Qa3 Ne7 22. Qa4+ Kf8 23. Qa3 g6 24. Rac1 Kg7 25. Rxc7 Qxc7 26. Qf3 Nf5 27. Nxf5+ exf5 28. Qxd5 Rd8 29. Qb3 Qa5 30. Qb1 Rd2 31. a4 Qc5 32. Rf1 Qxe5 33. Qb6 Qe2 34. Qb1 Rb2 35. Qc1 Rc2 36. Qa3 h5 37. Qb4 Rd2 38. Qc3+ Kh6 39. Qh8+ Kg5 40. h4+ Kxh4 41. Qf6+ Kg4 42. f3+ Kf4 43. Qh4+ Ke3 44. Qe7+ Kd3 45. Qd6+ Kc3 46. Qc6+ Kb3 47. f4 Rd1 48. Rxd1 Qxd1+ 49. Kh2 Qf1 50. Kg3 Qe1+ 51. Kh2 Qf1 52. Kg3 h4+ 0-1

[Event "Knut Bockman Cup"]
[Site "Oslo"]
[Date "2009.04.06"]
[Round "1"]
[White "Gandrud, Vegar Koi"]
[Black "Botheim, Tor"]
[Result "1-0"]
[WhiteElo "2124"]
[BlackElo "1985"]
[PlyCount "63"]
[EventDate "2009.04.06"]
[EventType "swiss"]
[EventRounds "9"]
[EventCountry "NOR"]
[SourceTitle "CBM 129 Extra"]
[Source "ChessBase"]
[SourceDate "2009.05.05"]
[SourceVersion "2"]
[SourceVersionDate "2009.05.20"]
[SourceQuality "1"]

1. d4 Nf6 2. c4 g6 3. Nc3 Bg7 4. e4 d6 5. Nf3 0-0 6. Be2 e5 7. dxe5 dxe5 8. Qxd8 Rxd8 9. Bg5 Re8 10. 0-0-0 c6 11. Nxe5 Nxe4 12. Nxe4 Bxe5 13. f4 Bg7 14. Bf3 Na6 15. Nf6+ Bxf6 16. Bxf6 Bf5 17. g4 Be6 18. b3 Rac8 19. Rd6 Nc5 20. h4 Nd7 21. Bc3 Kf8 22. Rhd1 Rcd8 23. Bf6 Rc8 24. Rxd7 Bxd7 25. Rxd7 Re3 26. Bd1 b5 27. c5 a5 28. Ra7 Ke8 29. Rxa5 Re4 30. Be5 f6 31. Bd6 Re1 32. Ra7 1-0

[Event "Oslo ASKO op"]
[Site "Oslo"]
[Date "2009.01.23"]
[Round "5"]
[White "Botheim, Tor"]
[Black "Hagen, Anders Gjerdrum"]
[Result "1/2-1/2"]
[WhiteElo "1987"]
[BlackElo "2110"]
[PlyCount "78"]
[EventDate "2009.01.23"]
[EventType "swiss"]
[EventRounds "5"]
[EventCountry "NOR"]
[SourceTitle "EXT 2011"]
[Source "ChessBase"]
[SourceDate "2010.11.26"]
[SourceVersion "1"]
[SourceVersionDate "2010.11.26"]
[SourceQuality "1"]

1. e4 c6 2. d4 d5 3. exd5 cxd5 4. Bf4 Nf6 5. Bd3 Nc6 6. c3 g6 7. Nf3 Bg7 8. Nbd2 Bf5 9. Bxf5 gxf5 10. h3 e6 11. Qc2 Ne4 12. g4 Qf6 13. g5 Qe7 14. Nb3 h6 15. h4 hxg5 16. Nxg5 Bh6 17. Rg1 0-0-0 18. 0-0-0 Rdg8 19. Kb1 Nxg5 20. hxg5 Bxg5 21. Bxg5 Rxg5 22. Rxg5 Qxg5 23. Nc5 Qf4 24. Qb3 b6 25. Nd3 Qe4 26. Qa4 Kc7 27. f3 Qe3 28. Re1 Qg5 29. Rc1 Rc8 30. c4 Nxd4 31. Qa6 Kb8 32. Ne5 Qe7 33. Qa4 Rc7 34. Rd1 f6 35. Ng6 Qf7 36. cxd5 Qxg6 37. Qxd4 f4+ 38. Ka1 Qc2 39. a3 exd5 1/2-1/2